Chess techniques

Bibliographic Details
Main Author: Thomas, A. R. B.
Format: Book
Published: London , Boston : Routledge & Kegan Paul , 1975
Subjects:

MARC

LEADER 00000cam a2200000 7i4500
001 0000002661
005 20030123.0
020 |a 0710080999 
040 |a INS 
090 0 0 |a GV1445.IbT45 1975 
100 1 |a Thomas, A. R. B. 
245 1 0 |a Chess techniques   |c A. R. B Thomas 
260 |a London , Boston :   |b Routledge & Kegan Paul ,   |c 1975 
300 |a viii, 172 p :   |b ill ;   |c 22 cm. 
650 0 0 |a Chess problems 
650 0 0 |a Chess-programmed instruction 
999 |a 0000000024   |b BOOK   |c Open Shelf   |e Default branch